Catálogo de las piezas de teatro que se conservan en el Departamento de Manuscritos de la Biblioteca Nacional. (Record no. 184962)

MARC details
000 -LEADER
campo de control de longitud fija 00999nam a2200229 i 4500
001 - NÚMERO DE CONTROL
campo de control 184962
003 - IDENTIFICADOR DE NÚMERO DE CONTROL
campo de control ES-MaACL
005 - FECHA Y HORA DE LA ÚLTIMA TRANSACCIÓN
campo de control 20251003161838.0
008 - DATOS DE LONGITUD FIJA--INFORMACIÓN GENERAL
campo de control de longitud fija 160229s1899 sp c |||| | spa d
110 2# - ENTRADA PRINCIPAL--NOMBRE DE ENTIDAD CORPORATIVA
Nombre de entidad corporativa o nombre de jurisdicción como elemento de entrada Biblioteca Nacional (España).
Unidad subordinada Departamento de Manuscritos.
9 (RLIN) 158888
245 10 - MENCIÓN DEL TÍTULO
Título Catálogo de las piezas de teatro que se conservan en el Departamento de Manuscritos de la Biblioteca Nacional.
260 ## - PUBLICACIÓN, DISTRIBUCIÓN, ETC.
Lugar de publicación, distribución, etc. [S.l. :
Nombre del editor, distribuidor, etc. s.n.],
Fecha de publicación, distribución, etc. 1899 (
Lugar de fabricación/manufactura Madrid :
Fabricante Imp. del Colegio Nacional de Sordomudos y de Ciegos)
300 ## - DESCRIPCIÓN FÍSICA
Extensión 724 p. ;
Dimensiones 24 cm.
530 ## - NOTA DISPONIBLE DE FORMULARIO FÍSICO ADICIONAL
Nota de formato físico adicional disponible Disponible en formato digital.
594 ## - Nota al título y mención de responsabilidad
Nota al título y mención de responsabilidad Autor (p. [5]): A. Paz y Meliá.
650 04 - PUNTO DE ACCESO ADICIONAL DE MATERIA--TÉRMINO DE MATERIA
Término de materia o nombre geográfico como elemento de entrada Manuscritos-
Subdivisión general Biblioteca Nacional (España)-
-- Catálogos.
9 (RLIN) 14753
650 #4 - PUNTO DE ACCESO ADICIONAL DE MATERIA--TÉRMINO DE MATERIA
Término de materia o nombre geográfico como elemento de entrada Teatro español-
Subdivisión general Manuscritos-
Subdivisión de forma Bibliografías.
9 (RLIN) 17345
700 1# - ENTRADA AGREGADA--NOMBRE PERSONAL
Nombre de persona Paz y Meliá, A.,
Fechas asociadas al nombre 1842-1927
9 (RLIN) 89789
852 ## - LOCALIZACIÓN
Ubicación ES-MaACL
Número de control de estantería C-2370
856 ## - LOCALIZACIÓN Y ACCESO ELECTRÓNICOS
Identificador Uniforme de Recursos <a href="http://bdh-rd.bne.es/viewer.vm?id=0000084133&page=1 ">http://bdh-rd.bne.es/viewer.vm?id=0000084133&page=1 </a>
Nota pública Biblioteca Digital Hispánica
Holdings
Estatus retirado Estado de pérdida Estado de daño No para préstamo Colección Biblioteca de origen Biblioteca actual Ubicación en estantería Fecha de adquisición Fuente de adquisición Total de préstamos Signatura topográfica completa Código de barras Visto por última vez Precio de reemplazo Tipo de ítem Koha
        Colección digital Biblioteca del Ateneo de Madrid Biblioteca del Ateneo de Madrid Sala Palomar 29/02/2016     C-2370 1194813 23/02/2023 23/02/2023 Libro impreso antiguo